Proceedings of the conference on nursery production of fruit plants through tissue culture-applications and feasibility

保存先:
書誌詳細
団体著者: U.S. Department of Agriculture (著者)
フォーマット: 図書
言語:英語
出版事項: Washington, D.C U.S. Department of Agriculture 1980
主題:
タグ: タグ追加
タグなし, このレコードへの初めてのタグを付けませんか!

MARC

LEADER 00000nam a2200000 a 4500
001 UCQ1642
003 CL-VaPUC
005 20241217152420.0
008 980721e19800000us 1 eng d
082 0 4 |a 631.542  |b USD  |2 21 
110 2 |a U.S. Department of Agriculture  |e author  |9 619068 
245 1 0 |a Proceedings of the conference on nursery production of fruit plants through tissue culture-applications and feasibility 
260 |a Washington, D.C  |b U.S. Department of Agriculture  |c 1980 
300 |a 119 p 
583 |a last modification  |c 20171219 02:24:34  |k Rodrigo Vera 
650 0 0 |a Fruticultura  |9 259678 
650 0 0 |a Árboles frutales   |9 264297 
650 0 0 |a Cultivo de tejidos vegetales  |9 326066 
650 0 0 |a Congresos  |9 257560 
942 |c BK 
945 |a mvenant  |d 19980721 00:00:00 
546 |a En Inglés 
536 |a U.S. Department of Agriculture 
518 |p Conference on Nursery Production of Fruit Plants Through Tissue Culture- Applications and Feasibility, Beltsville, 21-22 de abril, 1980 
999 |c 383233  |d 383231